[Event "ch-TUR 2012"]
[Site "Kemer TUR"]
[Date "2012.01.31"]
[Round "5"]
[White "Erturan,Y"]
[Black "Ersahin,B"]
[Result "1-0"]
[WhiteElo "2372"]
[BlackElo "2167"]

1.e4 c5 2.Nf3 Nc6 3.Bb5 e6 4.O-O Nge7 5.c3 a6 6.Ba4 b5 7.Bc2 d5 8.e5 d4 9.Be4 Bb7
10.cxd4 cxd4 11.a4 b4 12.a5 Ng6 13.d3 Qd7 14.Re1 Be7 15.Nbd2 O-O 16.Nc4 Rad8
17.h4 f5 18.exf6 Bxf6 19.h5 Nh8 20.Ng5 Bxg5 21.Bxg5 Rde8 22.Qg4 Nf7 23.Bf4 Kh8
24.Re2 Ncd8 25.Rae1 Bxe4 26.Rxe4 Qd5 27.Bd2 Nc6 28.Rxe6 Rxe6 29.Qxe6 Qc5
30.Bf4 h6 31.Qg6 Nxa5 32.Nxa5 Qxa5 33.Re7 Qd5 34.Be5 Qxe5 35.Rxe5 Nxe5 36.Qxa6 Ng4
37.f3 Nf6 38.Qd6 Rc8 39.Qxd4 Rc1+ 40.Kh2 Rd1 41.Qc4 Rd2 42.b3 Kh7 43.Qxb4 Rxd3
44.Qc4 Rd2 45.b4 Nxh5 46.Qe4+ g6 47.Qe7+ Ng7 48.b5 Rb2 49.Qb7 h5 50.b6 Kh6
51.Qc7 Ne6 52.Qc1+  1-0

[Event "Moscow Open 2012 A"]
[Site "Moscow RUS"]
[Date "2012.01.31"]
[Round "4.48"]
[White "Zemerov,V"]
[Black "Khusnutdinov,R"]
[Result "0-1"]
[WhiteElo "2323"]
[BlackElo "2492"]

1.e4 c5 2.Nf3 Nc6 3.Bb5 d6 4.O-O Bd7 5.Re1 Nf6 6.h3 Ne5 7.Nc3 e6 8.Nxe5 dxe5
9.Bxd7+ Nxd7 10.d3 Be7 11.Qh5 O-O 12.a4 Rc8 13.b3 Nb8 14.Nb5 Nc6 15.Bb2 Bf6
16.Bc3 a6 17.Na3 Nd4 18.a5 Nxc2 19.Nxc2 Qxd3 20.Ne3 Qxc3 21.Ng4 Be7 22.Rac1 Qxa5
23.Nxe5 c4 24.f4 f6 25.Qg4 Qb6+  0-1

[Event "Moscow Open Women 2012"]
[Site "Moscow RUS"]
[Date "2012.01.31"]
[Round "4.20"]
[White "Doluhanova,E"]
[Black "Ibrahimova,S"]
[Result "1-0"]
[WhiteElo "2285"]
[BlackElo "2070"]

1.e4 c5 2.Nf3 Nc6 3.Bb5 g6 4.Bxc6 bxc6 5.d3 Bg7 6.Nc3 Nf6 7.Be3 d6 8.h3 O-O
9.Bd2 Re8 10.O-O Rb8 11.Rb1 Nd7 12.Bh6 Bf8 13.Bg5 Qa5  1-0

[Event "Moscow Open F 2012"]
[Site "Moscow RUS"]
[Date "2012.01.31"]
[Round "4.5"]
[White "Shlegin,S"]
[Black "Pershina,E"]
[Result "1/2-1/2"]
[WhiteElo "2344"]
[BlackElo "2127"]

1.e4 c5 2.Nf3 Nc6 3.Bb5 g6 4.Bxc6 dxc6 5.d3 Bg7 6.O-O Bg4 7.Nbd2 Nf6 8.h3 Bxf3
9.Nxf3 O-O 10.Be3 c4 11.Qd2 cxd3 12.cxd3 Re8 13.Rad1 Qc7 14.Rfe1 Rad8 15.Bh6 Bh8
16.Qg5 Qb6 17.Qd2 Qa6 18.b3 c5 19.Qc2 b6 20.Re2 Nd7 21.Red2 Ne5 22.Nxe5 Bxe5
23.Qc4 Qb7 24.Be3 Bd4 25.b4 b5 26.Qb3 cxb4 27.Qxb4 Qb6  1/2-1/2

[Event "17th HIT Open A"]
[Site "Nova Gorica SLO"]
[Date "2012.01.31"]
[Round "7"]
[White "Popovic,Du"]
[Black "Kokol,P"]
[Result "1/2-1/2"]
[WhiteElo "2573"]
[BlackElo "2271"]

1.e4 c5 2.Nf3 Nc6 3.Bb5 g6 4.O-O Bg7 5.Re1 Nf6 6.e5 Nd5 7.Nc3 Nc7 8.Bxc6 dxc6
9.Ne4 b6 10.d3 O-O 11.h3 Ne6 12.Bd2 h6 13.Ng3 Qd5 14.Qc1 Kh7 15.Ne2 Nd4 16.Nexd4 cxd4
17.Re4 c5 18.Bxh6 Bxh6 19.Rh4 g5 20.Rxh6+ Kxh6 21.Qxg5+ Kh7 22.Qh5+ Kg7 23.Qg5+ Kh7  1/2-1/2

[Event "ch-TUR 2012"]
[Site "Kemer TUR"]
[Date "2012.02.01"]
[Round "6"]
[White "Comez,K"]
[Black "Baglan,E"]
[Result "1-0"]
[WhiteElo "2186"]
[BlackElo "1913"]

1.e4 c5 2.Nf3 Nc6 3.Bb5 g6 4.Bxc6 dxc6 5.h3 Bg7 6.Nc3 e5 7.d3 h6 8.Be3 Qe7
9.g4 Nf6 10.Qd2 Nd7 11.O-O-O Nf8 12.Nh2 Ne6 13.Ne2 Nd4 14.Ng3 Be6 15.Kb1 O-O-O
16.Qa5 b6 17.Qa4 Kb7 18.c3 Nb5 19.Rhg1 Bf6 20.Nf3 Rd6 21.Qc2 Qd7 22.a4 Nc7
23.Nxe5 Bxe5 24.f4 Bg7 25.e5 Rd5 26.c4 Rd4 27.Bxd4 Qxd4 28.f5 Bc8 29.f6 Bf8
30.Rge1 Ne6 31.Re4 Qd8 32.Ne2 Nd4 33.Qc3 Nxe2 34.Rxe2 h5 35.Rg1 hxg4 36.hxg4 Qd4
37.Rgg2 g5 38.Kc2 Rh4 39.Re4 Qd8 40.Qd2 Bh6 41.Rh2 Qh8 42.Rxh4 gxh4 43.g5 Bf8
44.Qf2 h3 45.Qh4 Qg8 46.Qh5 Be6 47.Rh4 Kc7 48.g6 Qxg6 49.Qxg6 fxg6 50.Rh8 h2
51.Rxh2 Kd7 52.Rh7+ Ke8 53.Rxa7 g5 54.Kd2 g4 55.Ke2 Bf5 56.Kf2 Bh6 57.e6  1-0

[Event "ch-TUR 2012"]
[Site "Kemer TUR"]
[Date "2012.02.01"]
[Round "6"]
[White "Sahin,Huseyin"]
[Black "Dogan,Mire Deniz"]
[Result "0-1"]
[WhiteElo "1907"]
[BlackElo "1641"]

1.e4 c5 2.Nf3 Nc6 3.Bb5 g6 4.O-O Bg7 5.c3 Nf6 6.Re1 O-O 7.d4 cxd4 8.cxd4 d6
9.h3 Nd7 10.Bg5 Re8 11.Nc3 a6 12.Bc4 Nb6 13.Bb3 Na5 14.Bd5 Nxd5 15.Nxd5 Be6
16.Nf4 Bd7 17.Bh4 h6 18.Nd5 Be6 19.Rc1 Bxd5 20.exd5 g5 21.Bxg5 hxg5 22.Nxg5 e5
23.Qh5 Qf6 24.b4 Nc4 25.Rxc4 exd4 26.Rxe8+ Rxe8 27.g3 Qf5 28.Rc1  0-1

[Event "Moscow Open F 2012"]
[Site "Moscow RUS"]
[Date "2012.02.01"]
[Round "5.9"]
[White "Sadykov,Ra"]
[Black "Adamova,T"]
[Result "1-0"]
[WhiteElo "2214"]
[BlackElo "1834"]

1.e4 c5 2.Nf3 Nc6 3.Bb5 e6 4.Bxc6 bxc6 5.b3 d5 6.Qe2 Nf6 7.e5 Nd7 8.d3 Be7
9.c4 O-O 10.Bb2 a5 11.a4 Nb8 12.O-O Na6 13.Nbd2 Nb4 14.Rfd1 Qb6 15.Nf1 f5
16.exf6 Bxf6 17.Ne5 Qc7 18.f4 Rb8 19.Bc3 g6 20.Nd2 d4 21.Bxb4 Rxb4 22.Rf1 Bg7
23.Rae1 Rf5 24.g4 Rf8 25.Rf3 Bh6 26.Ref1 Rb6 27.h4 Qe7 28.Kg2 Kh8 29.Qe4 Qe8
30.h5 gxh5 31.Rh3 Rg8 32.Rfh1  1-0

[Event "Moscow Open Women 2012"]
[Site "Moscow RUS"]
[Date "2012.02.01"]
[Round "5.34"]
[White "Dyakonova,Ekaterina"]
[Black "Xu Huahua"]
[Result "0-1"]
[WhiteElo "1927"]
[BlackElo "2134"]

1.e4 c5 2.Nf3 Nc6 3.Bb5 g6 4.Bxc6 dxc6 5.d3 Nf6 6.h3 Bg7 7.O-O O-O 8.Nc3 Nd7
9.Nh2 e5 10.f4 f5 11.exf5 Rxf5 12.Ne4 exf4 13.Bxf4 Bxb2 14.Ng4 Bg7 15.Nh6+ Bxh6
16.Bxh6 Nf6 17.Ng3 Qd4+ 18.Kh1 Rxf1+ 19.Qxf1 Bf5 20.Re1 Qh4 21.Bf4 Re8 22.Rxe8+ Nxe8
23.Ne4 Bxe4 24.dxe4 Qf6 25.g3 g5 26.Qc4+ Qf7 27.Qxf7+ Kxf7 28.Bxg5 Nd6 29.e5 Nc4
30.Bf4 Na3 31.Kg2 Nxc2 32.Kf3 Nb4 33.Be3 b6 34.a4 a5 35.Ke4 Nd5 36.Bd2 Ke6
37.g4 c4 38.h4 c3 39.Bc1 c2 40.g5 Nc3+  0-1

[Event "Gibraltar Open"]
[Site "Caleta ENG"]
[Date "2012.02.02"]
[Round "10.27"]
[White "Melia,S"]
[Black "Ikonnikov,Vy"]
[Result "0-1"]
[WhiteElo "2398"]
[BlackElo "2531"]

1.e4 c5 2.Nf3 Nc6 3.Bb5 g6 4.Bxc6 dxc6 5.d3 Nh6 6.a4 f6 7.a5 e5 8.Nbd2 Be6
9.Qe2 Nf7 10.Nc4 b5 11.Ne3 Bg7 12.Bd2 f5 13.exf5 gxf5 14.O-O O-O 15.Bc3 f4
16.Nd1 Bg4 17.Qe4 Qc7 18.Nh4 Ng5 19.Qe1 f3 20.g3 Bh3 21.Qe3 Bxf1 22.Qxg5 Bh3
23.Nxf3 Rxf3 24.Qh5 Qf7 25.Qxh3 Rf8 26.Be1 c4 27.dxc4 Qxc4 28.Ne3 Qe2 29.Qe6+ Kh8
30.Ng4 h5 31.Bb4 hxg4 32.Bxf8 Qxf2+ 33.Kh1 Rxf8 34.Qxg4 Qxc2 35.Rd1 a6 36.Qh3+ Qh7
37.Qg2 e4 38.Re1 Re8 39.g4 e3 40.Qxc6 Qe4+ 41.Qxe4 Rxe4 42.Kg2 Rxg4+ 43.Kf3 Ra4
44.b3 Rxa5 45.Rxe3 b4 46.Re6 Ra3 47.Kg4 Kh7 48.h4 Rxb3 49.Rxa6 Rb1  0-1

[Event "Gibraltar Open"]
[Site "Caleta ENG"]
[Date "2012.02.02"]
[Round "10.38"]
[White "Ansell,S"]
[Black "Felgaer,R"]
[Result "0-1"]
[WhiteElo "2373"]
[BlackElo "2571"]

1.e4 c5 2.Nf3 Nc6 3.Bb5 e6 4.O-O Nge7 5.Re1 Ng6 6.c3 d5 7.Qa4 Be7 8.exd5 Qxd5
9.d4 O-O 10.c4 Qh5 11.Bxc6 bxc6 12.Qa5 f5 13.Nc3 cxd4 14.Nxd4 Bd6 15.f4 Nxf4
16.Bxf4 Bxf4 17.Nf3 g5 18.Ne2 Be3+ 19.Kh1 g4 20.Ne5 f4 21.Rf1 c5 22.Qc7 Bb7
23.Qxb7 Qxe5 24.Rad1 Rab8 25.Qe7 Qf6 26.Qxf6 Rxf6 27.b3 e5 28.Rd5 Re8 29.Nc3 Bd4
30.Ne4 Rc6 31.g3 Rf8 32.h4 f3 33.Rd1 Rf7 34.Ng5 Re7 35.Ne4 Kg7 36.Rb1 Kg6
37.Rd8 Kf5 38.Re1 Ra6 39.Rf8+ Kg6 40.a4 Rb6 41.h5+ Kg7 42.Rf5 h6 43.Rb1 Reb7
44.Nd2 Rf7 45.Rxf7+ Kxf7 46.a5 Ra6  0-1

[Event "Gibraltar Open"]
[Site "Caleta ENG"]
[Date "2012.02.02"]
[Round "10.98"]
[White "Spanton,T"]
[Black "Attwood,J"]
[Result "0-1"]
[WhiteElo "1984"]
[BlackElo "2072"]

1.e4 c5 2.Nf3 Nc6 3.Bb5 d6 4.Bxc6+ bxc6 5.O-O e5 6.h3 Ne7 7.c3 f5 8.Re1 fxe4
9.Rxe4 Bf5 10.Re1 Bd3 11.Ng5 Nd5 12.Nf7 Kxf7 13.Qf3+ Nf4 14.g3 Qg5 15.Kh2 Qh5
16.Re3 Qxf3 17.Rxf3 Be4 18.Re3 Bxb1 19.gxf4 exf4 20.Rf3 Bf5 21.Rxf4 g6 22.d4 d5
23.dxc5 Bxc5 24.Kg1 Rhe8  0-1

[Event "ch-TUR 2012"]
[Site "Kemer TUR"]
[Date "2012.02.02"]
[Round "7"]
[White "Duman,A"]
[Black "Seyhanoglu,D"]
[Result "1/2-1/2"]
[WhiteElo "2220"]
[BlackElo "2064"]

1.e4 c5 2.Nf3 Nc6 3.Bb5 e6 4.O-O Nge7 5.d4 cxd4 6.Nxd4 Qc7 7.Nc3 a6 8.Be2 Ng6
9.Be3 b5 10.Nxc6 Qxc6 11.a3 Bb7 12.Qd4 f6 13.f4 Nxf4 14.Bf3 e5 15.Qd2 Bc5
16.Bxc5 Qxc5+ 17.Kh1 d6 18.Rad1 Rd8 19.b4 Qc4 20.Ne2 Nxe2 21.Bh5+ Ke7 22.Bxe2 Qc7
23.Qe3 Rhf8 24.Rd3 Kf7 25.Bg4 Kg8 26.Rc3 Qe7 27.Qb6 Bxe4 28.Rc7 Qe8 29.Qxa6 Qg6
30.Bf3 Bxc2 31.Qxb5 Kh8 32.Qb7 e4 33.Rxc2 exf3 34.Rcf2 fxg2+ 35.Rxg2 Qf7
36.Qxf7 Rxf7 37.a4 Rb7 38.Rb2 Ra8 39.Ra1 Kg8 40.Kg2 Kf7 41.Kf3 Ke6 42.Ke4 Kd7
43.b5 Ra5 44.Kd3 Rc7 45.Raa2 Rc8 46.Rb4 h5 47.Rc4 Rca8 48.b6 Rb8 49.Rb2 Rb7
50.Rcb4 Kc6 51.Rc2+ Kd7 52.Kd4 Ra6 53.Rcb2 Kc6 54.Rc2+ Kd7 55.Rcb2  1/2-1/2

[Event "Moscow Open 2012 A"]
[Site "Moscow RUS"]
[Date "2012.02.02"]
[Round "6.92"]
[White "Elfert,A"]
[Black "Subbotin,An"]
[Result "0-1"]
[WhiteElo "2010"]
[BlackElo "2044"]

1.e4 c5 2.Nf3 Nc6 3.Bb5 g6 4.d4 cxd4 5.Bxc6 dxc6 6.Qxd4 Qxd4 7.Nxd4 Bg7 8.Be3 Nf6
9.f3 O-O 10.O-O Nd7 11.Nc3 Nb6 12.b3 Rd8 13.Rad1 Bd7 14.a4 e5 15.Nde2 Be6
16.a5 Nd7 17.Na4 Bf8 18.Rd3 Bb4 19.Bd2 Be7 20.Be3 b5 21.axb6 axb6 22.Rfd1 b5
23.Nc5 Nxc5 24.Rxd8+ Bxd8 25.Bxc5 Bc7 26.Nc3 f6 27.Kf1 Kf7 28.Ke2 Ke8 29.g4 Kf7
30.h3 Bd8 31.Rd6 Rc8 32.Rd1 Be7 33.Bxe7 Kxe7 34.Ra1 Rc7 35.Ra6 Bc8 36.Rb6 Kd7
37.h4 Ra7 38.h5 Kc7 39.Nd5+ cxd5 40.Rxf6 dxe4 41.hxg6 exf3+ 42.Kxf3 hxg6
43.Rxg6 Ra2 44.Ke4 Rxc2 45.Kxe5 Rc3  0-1

[Event "Moscow Open 2012 A"]
[Site "Moscow RUS"]
[Date "2012.02.02"]
[Round "6.59"]
[White "Nozdrachev,V"]
[Black "Pasiev,R"]
[Result "1-0"]
[WhiteElo "2463"]
[BlackElo "2312"]

1.e4 c5 2.Nf3 Nc6 3.Bb5 g6 4.Bxc6 dxc6 5.d3 Bg7 6.h3 e5 7.Be3 Qe7 8.O-O Nf6
9.a3 b6 10.Qd2 O-O 11.b4 c4 12.Qc3 Ba6 13.Nbd2 cxd3 14.cxd3 Nh5 15.Rfe1 Rad8
16.d4 exd4 17.Bxd4 Rxd4 18.Nxd4 c5 19.bxc5 bxc5 20.e5 cxd4 21.Qxd4 Rd8 22.Qb4 Qe6
23.Rad1 Bf8 24.Qg4 Qxg4 25.hxg4 Nf4 26.Ne4 Nd3 27.Re3 Be7 28.g5 Kg7 29.Nf6 Bc5
30.Rf3 Bb6 31.Rh3 Bxf2+ 32.Kh2 Bd4 33.Rxh7+ Kf8 34.e6 fxe6 35.Rf1 Nf2 36.Rh8+ Ke7
37.Rh7+ Kd6 38.Rxf2 Bxf2 39.Ne4+ Kd5 40.Nxf2 e5 41.Rxa7 Rd6 42.Ng4 Kd4 43.Kg3 Rb6
44.Rd7+ Ke4 45.Re7 Rb3+ 46.Kh4 Rxa3 47.Nxe5 Ra2 48.Nxg6+ Kf5 49.Kh5 Be2+
50.Kh6 Bd1 51.Re1 Bb3 52.Re3 Bc4 53.Rf3+ Ke6 54.Rf6+ Kd5 55.Nh4 Ke5 56.Rf8 Bd5
57.g6 Ra4 58.Kh5 Ra7 59.Kg5 Ra3 60.g4 Ra4 61.g7 Be6 62.Nf5  1-0

[Event "TCh-EGY 2011-12"]
[Site "Egypt EGY"]
[Date "2012.02.03"]
[Round "11.6"]
[White "Zayan,Mohamed"]
[Black "Fawzy,Adham"]
[Result "0-1"]
[WhiteElo "1728"]
[BlackElo "1703"]

1.e4 c5 2.Nf3 Nc6 3.Bb5 g6 4.Bxc6 dxc6 5.d3 Bg7 6.Nc3 e5 7.O-O Ne7 8.Be3 b6
9.Nd2 Be6 10.f4 f6 11.fxe5 fxe5 12.Nf3 Qd7 13.Qe1 O-O-O 14.a3 h6 15.Na4 Qc7
16.Qc3 g5 17.b4 cxb4 18.axb4 Ng6 19.Qa3 Nf4 20.Nc3 Rd7 21.Nd2 g4 22.Nc4 Bxc4
23.dxc4 h5 24.b5 Kb8 25.c5 Qb7 26.bxc6 Qxc6 27.cxb6 Qxc3 28.bxa7+ Ka8 29.Rfb1 Ne2+
30.Kh1 Qxa3 31.Rxa3 Nd4 32.Ra6 Rhd8 33.c3 Nc2 34.Bg1 Rd1 35.Rxd1 Rxd1 36.Rb6 Rd8
37.Ra6 Bf8 38.Re6 Bd6 39.Bb6 Bc7 40.Bg1 Na3 41.Ra6 Nb5 42.Rc6 Kb7 43.Rc4 Bb6
44.Rb4 Rd1 45.a8=Q+ Kxa8  0-1

[Event "TCh-ISR 2011-12"]
[Site "Israel ISR"]
[Date "2012.02.03"]
[Round "7.5"]
[White "Givon,A"]
[Black "Vasiliev,Olg"]
[Result "1-0"]
[WhiteElo "2272"]
[BlackElo "2305"]

1.e4 c5 2.Nf3 Nc6 3.Bb5 e5 4.O-O Nge7 5.c3 a6 6.Ba4 b5 7.Bc2 d6 8.h3 Qc7
9.d4 cxd4 10.cxd4 Nxd4 11.Nxd4 exd4 12.Bb3 Qc5 13.Nd2 Bb7 14.Nf3 h6 15.Nxd4 Bxe4
16.Re1 Bb7 17.Bf4 g6 18.Rc1 Qb6 19.Nc6 Bxc6 20.Qxd6 Rd8 21.Qf6 Rh7 22.Rxc6 Qd4
23.Be5 Qd2 24.Bc3 Qg5 25.Qf3 Qf5 26.Qe2 Qd7 27.Rxa6 Bg7 28.Bb4 Bf8 29.Qe3 f5
30.Ra7 Qd4 31.Qe6 Qxa7 32.Qxg6+ Kd7 33.Qxh7 Re8 34.Qf7 Qb8 35.Qe6+  1-0

[Event "Moscow Open Women 2012"]
[Site "Moscow RUS"]
[Date "2012.02.03"]
[Round "7.44"]
[White "Polyanskaya,N"]
[Black "Tereshechkina,M"]
[Result "0-1"]
[WhiteElo "1910"]
[BlackElo "2070"]

1.e4 c5 2.Nf3 Nc6 3.Bb5 g6 4.Bxc6 dxc6 5.d3 b6 6.Bf4 Bg7 7.Nc3 f6 8.Qd2 e5
9.Be3 Be6 10.Ne2 Qc7 11.Nh4 f5 12.f4 Qe7 13.Nf3 exf4 14.Bxf4 fxe4 15.dxe4 Rd8
16.Qe3 Nf6 17.O-O O-O 18.Ne5 Ng4 19.Nxg4 Bxg4 20.Bg5 Bf6 21.Bxf6 Rxf6 22.Rxf6 Qxf6
23.e5 Re8 24.exf6 Rxe3 25.Nf4 Kf7 26.Rf1 Bf5 27.h3 h5 28.Rd1 Kxf6 29.Kf2 Re7
30.c3 Kg5 31.g3 h4 32.Rg1 hxg3+ 33.Kf3 Kf6 34.Rxg3 Re1 35.a3 Rc1 36.Rg2 Rf1+
37.Kg3 Rb1 38.Rd2 g5 39.Ng2 Rh1 40.Rd6+ Ke5 41.Rd8 Rxh3+ 42.Kf2 Ke6 43.Rg8 Kf6
44.Ne3 Be6 45.Rf8+ Ke7 46.Ra8 Rh2+ 47.Kg3 Rxb2 48.Rxa7+ Kd6 49.c4 Rb3 50.Kf2 g4
51.a4 Ra3 52.Ra6 g3+ 53.Ke2 g2 54.Nxg2 Bxc4+  0-1

[Event "Moscow Open F 2012"]
[Site "Moscow RUS"]
[Date "2012.02.04"]
[Round "8.16"]
[White "Fyodorova,I2"]
[Black "Pershina,E"]
[Result "1/2-1/2"]
[WhiteElo "1960"]
[BlackElo "2127"]

1.e4 c5 2.Nf3 Nc6 3.Bb5 g6 4.O-O Bg7 5.Re1 Nf6 6.Nc3 O-O 7.b3 Nd4 8.Bf1 Nxf3+
9.Qxf3 d6 10.h3 Rb8 11.Bb2 Be6 12.Rad1 Nd7 13.Qe2 Ne5 14.Rb1 Nc6 15.Qd1 a6
16.a4 Nd4 17.Ne2 Nxe2+ 18.Bxe2 Bxb2 19.Rxb2 b5 20.axb5 axb5 21.Ra2 Qb6 22.Qa1 Qc6
23.Bf1 b4 24.Ra6 Rb6 25.Ra7 Rb7 26.Qa4 Qxa4 27.Rxa4 Kg7 28.f4 Rd8 29.Ra5 Rdd7
30.g4 Rdc7 31.f5 Bd7 32.Kf2 Kf6 33.Ke3 gxf5 34.gxf5 e6 35.fxe6 Bxe6 36.d3 Rb8
37.Kf4 Rg8 38.Raa1 Rg1 39.Be2 Rxe1 40.Rxe1 Bxh3 41.Rh1 Be6 42.Rxh7 Ra7 43.Rh6+ Ke7
44.Bg4 Ra2 45.Bxe6 fxe6 46.Rh2 Kf6 47.Rh6+ Kf7 48.Rh2 Kg6 49.Rg2+ Kf6 50.Rh2 Ra1
51.Rh6+ Kf7 52.Rh7+ Kg6 53.Rh2 Re1 54.Rg2+ Kf6 55.Rh2 Rf1+ 56.Ke3 d5 57.exd5 exd5
58.Rh6+ Ke5 59.Rc6 Rh1 60.Rxc5 Rh3+ 61.Kd2 Kd4 62.Rc8 Rh2+ 63.Kc1 Rg2 64.Kb2 Rh2
65.Rb8 Kc5 66.d4+ Kxd4 67.Rxb4+ Kc5 68.Rb8 d4 69.Rc8+ Kb5 70.Rd8 Kc5 71.b4+ Kxb4
72.Rxd4+ Kc5 73.Rd3 Kc4 74.Rg3 Rh4 75.Ra3 Rh2 76.Ra4+ Kb5 77.Ra8 Kc4 78.Rc8+ Kb4
79.Kc1 Rg2 80.Kd1 Rh2 81.c3+ Kb3 82.c4 Kb4 83.Kc1 Rh4  1/2-1/2

[Event "Moscow Open 2012 A"]
[Site "Moscow RUS"]
[Date "2012.02.04"]
[Round "8.24"]
[White "Zemerov,V"]
[Black "Lintchevski,D"]
[Result "1/2-1/2"]
[WhiteElo "2323"]
[BlackElo "2575"]

1.e4 c5 2.Nf3 Nc6 3.Bb5 d6 4.O-O Bd7 5.Re1 Nf6 6.h3 Ne5 7.Nc3 e6 8.Nxe5 dxe5
9.Bxd7+ Nxd7 10.d3 Be7 11.Qh5 h6 12.a4 Bg5 13.Be3 Bxe3 14.fxe3 Qg5 15.Qf3 O-O
16.b3 Nb8 17.Nb5 Nc6 18.Nd6 b6 19.Rf1 Qe7 20.Nc4 Qc7 21.Qg4 a6 22.Qe2 b5
23.Nd2 Nb4 24.Rfc1 Rad8 25.Nf3 f5 26.exf5 exf5 27.e4 Nc6 28.axb5 axb5 29.exf5 Rxf5
30.Rf1 Rdf8 31.Qe4 Qd7 32.c3 Rf4 33.Nxe5 Rxf1+ 34.Rxf1 Rxf1+ 35.Kxf1 Nxe5
36.Qxe5 Qxd3+ 37.Kg1 c4 38.bxc4 bxc4 39.Qe8+ Kh7 40.Qe5 Kg8 41.Qe8+ Kh7 42.Qe5  1/2-1/2

[Event "Moscow Open 2012 A"]
[Site "Moscow RUS"]
[Date "2012.02.04"]
[Round "8.56"]
[White "Mokshanov,A"]
[Black "Chernyuk,Mikhail"]
[Result "1-0"]
[WhiteElo "2385"]
[BlackElo "2224"]

1.e4 c5 2.Nf3 Nc6 3.Bb5 e6 4.O-O a6 5.Bxc6 bxc6 6.d3 d5 7.c4 Nf6 8.Nc3 Be7
9.Qe2 O-O 10.b3 Qc7 11.Na4 Bb7 12.e5 Nd7 13.Ba3 Rae8 14.Rac1 d4 15.Rce1 Bc8
16.Nd2 Kh8 17.f4 f6 18.exf6 gxf6 19.Ne4 Qa7 20.Qh5 f5 21.Ng5 Nf6 22.Qh6 Bd6
23.h3 Ng8 24.Qh4 h6 25.Nf3 Rd8 26.Ne5  1-0

[Event "Moscow Open D 2012"]
[Site "Moscow RUS"]
[Date "2012.02.05"]
[Round "9"]
[White "Zherebukh,Y"]
[Black "Reshetnikov,Al"]
[Result "1-0"]
[WhiteElo "2594"]
[BlackElo "2514"]

1.e4 c5 2.Nf3 Nc6 3.Bb5 e6 4.O-O Nge7 5.c3 a6 6.Ba4 b5 7.Bc2 Bb7 8.Re1 Rc8
9.a4 b4 10.d4 bxc3 11.d5 Nb4 12.bxc3 Nxc2 13.Qxc2 Ng6 14.Na3 Be7 15.Nc4 exd5
16.exd5 O-O 17.Qf5 Rb8 18.d6 Bf6 19.Bd2 Bxf3 20.Qxf3 Rb3 21.g3 Qa8 22.Qd3 Rbb8
23.Qe4 Rb3 24.Qxa8 Rxa8 25.Rac1 Nf8 26.Rb1 Rab8 27.Rxb3 Rxb3 28.Re8 g5 29.Kf1 Kg7
30.Ke2 Ne6 31.Kd3 Bd8 32.Ne5 Rb6 33.Nc4 Rb3 34.Kc2 Rb7 35.Ne3 f6 36.Nf5+ Kf7
37.Rh8 c4 38.g4 Nf8 39.h4 Rb3 40.Be3 Bb6 41.Nh6+ Ke8 42.hxg5 Bxe3 43.fxe3 fxg5
44.Rg8 Ra3 45.Rg7 Ng6 46.Rxh7 Ra2+ 47.Kd1 Rh2 48.Ng8 Rxh7 49.Nf6+ Kd8 50.Nxh7 Ne5
51.Nxg5 Nxg4 52.Ke2 Kc8 53.Kf3 Nf6 54.e4 Kb7 55.Ke3 Kc6 56.Kd4 a5 57.Nf7 Ng4
58.e5 Nh2 59.Kxc4 Nf3 60.Nd8+  1-0

[Event "11th Aeroflot Open B"]
[Site "Moscow RUS"]
[Date "2012.02.08"]
[Round "2"]
[White "Ankit,R"]
[Black "Potapov,P"]
[Result "1/2-1/2"]
[WhiteElo "2349"]
[BlackElo "2468"]

1.e4 c5 2.Nf3 Nc6 3.Bb5 g6 4.Bxc6 bxc6 5.O-O Bg7 6.Re1 d6 7.h3 e5 8.c3 Qb6
9.Na3 Ba6 10.d3 Ne7 11.Nc4 Qc7 12.b3 O-O 13.Bb2 f6 14.d4 d5 15.Ncd2 f5 16.exd5 e4
17.Ng5 Bc8 18.Ne6 Bxe6 19.dxe6 cxd4 20.cxd4 Qd6 21.Nc4 Qxe6 22.f3 Nd5 23.fxe4 fxe4
24.Ba3 Rf5 25.Ne3 Rg5 26.Nxd5 Qxd5 27.Bc5 Rg3 28.Qe2 Bxd4+ 29.Bxd4 Qxd4+  1/2-1/2

[Event "11th Aeroflot Open B"]
[Site "Moscow RUS"]
[Date "2012.02.11"]
[Round "5"]
[White "Minasian,Art"]
[Black "Blanco,Cr"]
[Result "1-0"]
[WhiteElo "2525"]
[BlackElo "2385"]

1.e4 c5 2.Nf3 Nc6 3.Bb5 g6 4.O-O Bg7 5.Re1 Nf6 6.Bxc6 dxc6 7.h3 Nd7 8.e5 Nf8
9.d3 Ne6 10.Nbd2 Qc7 11.Nb3 b6 12.a4 a5 13.Bd2 Ba6 14.Qe2 h6 15.Qe4 O-O-O
16.c4 Rd7 17.Rac1 Rhd8 18.d4 Nxd4 19.Nfxd4 Rxd4 20.Nxd4 Rxd4 21.Qe2 e6 22.b3 Rxd2
23.Qxd2 Bxe5 24.Rxe5 Qxe5 25.Qxh6 Qd6 26.Qg7 Qd7 27.Rc3 Kc7 28.Rf3 f5 29.Qxg6 b5
30.Qg3+ Kb6 31.Rd3 Qh7 32.Qb8+ Bb7 33.Qd8+ Ka6 34.cxb5+  1-0

[Event "TCh-NED Meesterklasse 2011-12"]
[Site "Netherlands NED"]
[Date "2012.02.11"]
[Round "6.7"]
[White "Martens,M"]
[Black "Galoyan,Le"]
[Result "1/2-1/2"]
[WhiteElo "2444"]
[BlackElo "2231"]

1.e4 c5 2.Nf3 Nc6 3.Bb5 Na5 4.O-O a6 5.Be2 d6 6.Re1 Nf6 7.Bf1 e5 8.c3 Qc7
9.d4 Be7 10.h3 O-O 11.b4 cxb4 12.cxb4 Nc6 13.a3 exd4 14.Nxd4 d5 15.Nxc6 Qxc6
16.exd5 Nxd5 17.Bb2 Bf6 18.Bxf6 Qxf6 19.Nd2 Nc3 20.Qf3 Qxf3 21.Nxf3 Be6 22.Nd4 Bd7
23.Re7 Rad8 24.Rc1 Nd5 25.Re5 Ba4 26.Nf5 Nf6 27.Re7 Rd6 28.Ne3 Rd7 29.Rc7 Rxe7
30.Rxe7 Bc6 31.Bc4 h5 32.g4 hxg4 33.Nxg4 Nxg4 34.hxg4 Bf3 35.g5 Rc8 36.Rxf7 Rxc4
37.Rxf3 Rg4+ 38.Kf1 Rxg5 39.Rd3 Rb5 40.Rd7 a5 41.bxa5 Rxa5 42.Rxb7 Rxa3  1/2-1/2

[Event "3rd Novy Bor Open"]
[Site "Novy Bor CZE"]
[Date "2012.02.11"]
[Round "1"]
[White "Kaderabek,J"]
[Black "Liska,Ji2"]
[Result "1/2-1/2"]
[WhiteElo "2214"]
[BlackElo "1763"]

1.e4 c5 2.Nf3 Nc6 3.Bb5 e6 4.O-O Nge7 5.Re1 g6 6.c3 Bg7 7.d4 Qa5 8.Bxc6 Nxc6
9.d5 Nd8 10.Nbd2 O-O 11.Nc4 Qa6 12.Ne3 f5 13.exf5 exf5 14.Qb3 Nf7 15.d6 Qxd6
16.Nd5 Kh8 17.Bf4 Qc6 18.Rad1 c4 19.Qa3 b5 20.Ne7 Qb6 21.Nxc8 Rfxc8 22.Rxd7 Rf8
23.Ree7 Kg8 24.h3 a5 25.Qd6 Qxd6 26.Bxd6 Bf6 27.Re2 Nxd6 28.Rxd6 b4 29.Ne5 bxc3
30.bxc3 Rad8 31.Rc6 Rd1+ 32.Kh2 Rd5 33.f4 Bxe5 34.fxe5 Re8 35.e6 Re7 36.Rxc4 Kg7
37.Rd4 Rc5 38.c4 Kf6 39.Rd5 Rxc4 40.Rxa5 Rxe6 41.Rf2 Rce4 42.a4  1/2-1/2

[Event "11th Aeroflot Open B"]
[Site "Moscow RUS"]
[Date "2012.02.12"]
[Round "6"]
[White "Kharmunova,N"]
[Black "Ynojosa,F"]
[Result "0-1"]
[WhiteElo "2215"]
[BlackElo "2327"]

1.e4 c5 2.Nf3 Nc6 3.Bb5 e6 4.Bxc6 bxc6 5.d3 d5 6.Qe2 Nf6 7.O-O Be7 8.Nc3 O-O
9.Ne5 Qc7 10.f4 Bd6 11.Ng4 Nxg4 12.Qxg4 f5 13.Qh5 fxe4 14.dxe4 Ba6 15.Ne2 dxe4
16.Be3 Rf5 17.Qg4 h5 18.Qg6 Bxe2 19.Qxe6+ Rf7 20.Rfe1 Bg4 21.Qxe4 Bxf4 22.Bxf4 Qxf4
23.Qxc6 Qd4+ 24.Kh1 Raf8 25.h3 Bd7 26.Qg6 Qxb2 27.Qxh5 Bf5 28.a4 c4 29.Qh4 Qc3
30.Rac1 Bd7 31.Re7 Rxe7 32.Qxe7 Bxh3 33.gxh3 Qxh3+ 34.Kg1 Qg4+ 35.Kh1 Qh5+  0-1

[Event "11th Aeroflot Open B"]
[Site "Moscow RUS"]
[Date "2012.02.12"]
[Round "6"]
[White "Shyam,N"]
[Black "Kislinsky,A"]
[Result "1-0"]
[WhiteElo "2482"]
[BlackElo "2535"]

1.e4 c5 2.Nf3 Nc6 3.Bb5 d6 4.c3 Nf6 5.Qe2 a6 6.Bxc6+ bxc6 7.O-O a5 8.d3 e5
9.Ne1 Bg4 10.f3 Bh5 11.g4 Bg6 12.Ng2 Be7 13.Nd2 d5 14.Rd1 h5 15.g5 Nd7 16.f4 h4
17.h3 exf4 18.exd5 cxd5 19.Nxf4 O-O 20.Nf3 Re8 21.Qg2 Nf8 22.Bd2 Ra6 23.Re1 c4
24.Nxh4 cxd3 25.Nhxg6 Nxg6 26.Nxd3 Bf8 27.Rxe8 Qxe8 28.Rf1 Re6 29.Re1 Re4
30.b3 Nh4 31.Qf2 Bd6 32.Qxh4 Qc6 33.Rxe4 dxe4 34.Nf4 Bc5+ 35.Kf1 Qa6+ 36.c4 e3
37.Bc3 Qc6 38.Ke2 Qe4 39.Be1 Bd6 40.Nd3 Qg2+ 41.Kxe3 Be7 42.Bg3 Qg1+ 43.Kd2 Qg2+
44.Nf2 Qf3 45.Ke1 Qe3+ 46.Kf1 Bxg5 47.Qg4 f5 48.Qxf5 Qxg3 49.Qd5+ Kh8 50.Qa8+ Kh7
51.Qg2  1-0

[Event "3rd Novy Bor Open"]
[Site "Novy Bor CZE"]
[Date "2012.02.12"]
[Round "2"]
[White "Svobodova,M"]
[Black "Vykouk,Jan"]
[Result "1-0"]
[WhiteElo "2100"]
[BlackElo "1833"]

1.e4 c5 2.Nf3 Nc6 3.Bb5 g6 4.Bxc6 bxc6 5.O-O Bg7 6.Re1 d6 7.e5 d5 8.d3 e6
9.Nbd2 Ne7 10.Nb3 Qb6 11.c4 O-O 12.Be3 d4 13.Bc1 a5 14.Nbd2 Qc7 15.Qe2 Ba6
16.h3 Nc8 17.Ne4 Bxe5 18.Nxe5 Qxe5 19.Bh6 Re8 20.Bg5 Kf8 21.Qd2 Qc7 22.Bf6  1-0

[Event "3rd Novy Bor Open"]
[Site "Novy Bor CZE"]
[Date "2012.02.12"]
[Round "2"]
[White "Chudinovskikh,A"]
[Black "Voelz,S"]
[Result "1-0"]
[WhiteElo "2276"]
[BlackElo "1950"]

1.e4 c5 2.Nf3 Nc6 3.Bb5 g6 4.c3 Bg7 5.d4 cxd4 6.cxd4 Qb6 7.Bxc6 dxc6 8.h3 Nf6
9.Nc3 O-O 10.Qe2 Be6 11.O-O Rad8 12.Be3 Qa5 13.Rac1 b5 14.Nd2 b4 15.Nd1 Rc8
16.Ra1 Rfd8 17.b3 Ne8 18.Nb2 Bxd4 19.Bxd4 Rxd4 20.Nf3 Rd7 21.Qe3 f6 22.Nd3 c5
23.Rac1 c4 24.Nf4 Bf7 25.e5 Bd5 26.Rfd1 c3 27.exf6 Nxf6 28.Nxd5 Rxd5 29.Qe6+ Kg7
30.Qxc8  1-0

[Event "3rd Novy Bor Open"]
[Site "Novy Bor CZE"]
[Date "2012.02.14"]
[Round "4"]
[White "Korolchuk,N"]
[Black "Voelz,S"]
[Result "1-0"]
[WhiteElo "2235"]
[BlackElo "1950"]

1.e4 c5 2.Nf3 Nc6 3.Bb5 g6 4.Bxc6 dxc6 5.h3 Bg7 6.d3 e5 7.Be3 b6 8.Nbd2 Ne7
9.a4 a5 10.Nc4 Qc7 11.Nfd2 h6 12.b4 b5 13.axb5 cxb5 14.Nxa5 cxb4 15.Ndb3 Nc6
16.Nxc6 Qxc6 17.Rxa8 Qxa8 18.Qd2 O-O 19.O-O Be6 20.Ra1 Qc6 21.Nc5 Bc8 22.Qxb4 f5
23.f3 fxe4 24.Qxe4 Qf6 25.Ra7 Bf5 26.Qd5+ Kh8 27.Qb7 g5 28.Qxb5 Bxh3 29.Ne4 Qg6
30.gxh3 Rxf3 31.Ra8+ Kh7 32.Qd5 Qf5 33.Qg8+ Kg6 34.Ra6+ Kh5 35.Qe8+ Kh4 36.Bf2+ Rxf2
37.Nxf2 e4 38.Qxe4+ Qxe4 39.dxe4  1-0